El comunicado de Vancouver cinco años después : (Record no. 82474)

MARC details
000 -CABECERA
campo de control de longitud fija 00905nam a22002413a 4500
005 - FECHA Y HORA DE LA ÚLTIMA TRANSACCIÓN
campo de control 20260415064206.0
008 - ELEMENTOS DE LONGITUD FIJA--INFORMACIÓN GENERAL
campo de control de longitud fija 010618s1997 ea r 000 0 spa d
035 ## - NÚMERO DE CONTROL DEL SISTEMA
Número de control de sistema UPN01000108562
049 ## - COLECCIÓN
Colección F
050 #4 - SIGNATURA TOPOGRÁFICA DE LA BIBLIOTECA DEL CONGRESO
Número de clasificación LB2305
Número de documento/Ítem E5.7 no.8
100 1# - ASIENTO PRINCIPAL--NOMBRE PERSONAL
Nombre de persona Malo Alvarez, Salvador
9 (RLIN) 29107
245 13 - MENCIÓN DE TÍTULO
Título El comunicado de Vancouver cinco años después :
Resto del título una evaluación /
Mención de responsabilidad, etc. Salvador Malo, John Mallea, Dell Pendergrast.
260 ## - PUBLICACIÓN, DISTRIBUCIÓN, ETC.
Lugar de publicación, distribución, etc. Boulder [E.U.A.] :
Nombre del editor, distribuidor, etc. WICHE :
-- CONAHEC,
Fecha de publicación, distribución, etc. 1997.
300 ## - DESCRIPCIÓN FÍSICA
Extensión 35 h.
440 #0 - MENCIÓN DE SERIE/ASIENTO SECUNDARIO--TÍTULO
Título Entendiendo las diferencias.
Nombre de parte o sección de la obra Cuaderno de trabajo ;
Designación de volumen o secuencia 8
500 ## - NOTA GENERAL
Nota general "Serie sobre la educación superior en México, Canadá y los Estados Unidos"
650 #7 - ASIENTO SECUNDARIO DE MATERIA - TERMINO TEMATICO
Término de materia o nombre geográfico como elemento de entrada Educación superior
Subdivisión geográfica Estados Unidos
Fuente del encabezamiento o término
9 (RLIN) 15203
650 #4 - ASIENTO SECUNDARIO DE MATERIA - TERMINO TEMATICO
Término de materia o nombre geográfico como elemento de entrada Educación superior
Subdivisión geográfica México
9 (RLIN) 4968
650 #4 - ASIENTO SECUNDARIO DE MATERIA - TERMINO TEMATICO
Término de materia o nombre geográfico como elemento de entrada Evaluación educativa
9 (RLIN) 4298
700 1# - ASIENTO SECUNDARIO--NOMBRE DE PERSONAL
Nombre de persona Mallea, John,
Término indicativo de función/relación coaut.
700 1# - ASIENTO SECUNDARIO--NOMBRE DE PERSONAL
Nombre de persona Pendergrast, Dell,
Término indicativo de función/relación coaut.
905 ## - TIPO DE MATERIAL
Tipo de material Libro
Holdings
Estado de retiro Estado de pérdida Fuente del sistema de clasificación o colocación Estado dañado No para préstamo Código de colección Localización permanente Ubicación/localización actual Ubicación en estantería Total de préstamos Clasificación Código de barras Fecha visto por última vez Número de copia Tipo de ítem Koha
    Library of Congress Classification   Folletos Folletería Bib. Gregorio Torres Quintero Bib. Gregorio Torres Quintero Folletos   LB2305 E5.7 no.8 173519 31/12/2020 1 Libro